Reputational Risk Quantification and Stress Testing

Aktuálne prístupy ku kvantifikácii rizika reputácie. VAR model testovania záťaže na príklade vývoja objemu vkladov vo VÚB od roku 1999.

Saved in:
Bibliographic Details
Main Author: Majer, Lukáš, 1987-
Format: Book Chapter
Language:English
Subjects:
Tags: Add Tag
No Tags, Be the first to tag this record!

MARC

LEADER 00000nla a2200000 4500
001 0214087
005 20240502073558.0
041 0 |a eng 
044 |a SK 
245 1 0 |a Reputational Risk Quantification and Stress Testing  |c Lukáš Majer 
520 |a Aktuálne prístupy ku kvantifikácii rizika reputácie. VAR model testovania záťaže na príklade vývoja objemu vkladov vo VÚB od roku 1999. 
610 2 0 |a vklady 
610 2 0 |a riziko bankové 
610 2 0 |a testovanie stresové 
100 1 |a Majer, Lukáš, 1987-